| 000 | 00769nam a22002657a 4500 | ||
|---|---|---|---|
| 001 | 4015 | ||
| 003 | FISKH | ||
| 005 | 20240531093126.0 | ||
| 008 | 240531b cb ||||| |||| 00| 0 eng d | ||
| 020 | _a9781618105875 | ||
| 040 |
_aFISKH _beng _cFISKH _dFISKH |
||
| 050 | _aPZ8.3 | ||
| 082 | _a398.8 | ||
| 100 |
_aReasoner, Charles _eauthor |
||
| 245 |
_aThis old man ! / _cby Charles Reasoner |
||
| 260 |
_aFlorida : _bRourke Educational Media ; _c2012 |
||
| 300 |
_a8 unnumbered pages : _bcolor illustrations ; _c17 cm. |
||
| 490 | _aLittle Birdie Books | ||
| 505 | _aB | ||
| 520 | _aPresents the familiar nursery rhyme. On board pages. | ||
| 521 | 8 |
_a60
_bLexile estimate |
|
| 521 | 8 |
_aB
_bRaz-Plus |
|
| 942 |
_2ddc _cBK _n0 |
||
| 999 |
_c4015 _d4015 |
||